000 01557nam a2200325 c 4500
003 BLK
005 20180422113929.0
008 180410b bul|||||r ||||||| ||bul||
010 _aKNG00171073000
040 _aBLK
041 _aBUL
_cBUL
080 _aПроизводство и услуги по стопански отрасли. Икономика на отделните стопански отрасли. Вж и 334.74
_b338.4
_x:665.71(100)
_z338.4:665.71(100)
080 _aПроцеси и продукти на нефтената промишленост
_b665.6/.7
_x(100)
_z665.6/.7(100)
100 1 _aКръстев, Кръстю Нинов
_eпърви автор
_9372755
700 1 _aКаракашев, Христо Нейков
_eсъавт.
_9365384
139 _aКръстев, Кръстю Нинов и др.
_bК 92
245 1 0 _aНефтът в света
_bНауч.-попул. очерк
_cКръстю Нинов Кръстев; съавт. Христо Нейков Каракашев.
257 _aBGR
260 София
_bНар. просв.
_c1981
_fВ. Търново : Д. Найденов
300 _a128 с.
_bс ил.
_c17 см
380 _a3
500 _a2 605 тир. -Библиогр. с. 125-126.
650 4 _aНефт - борба за него
_9295235
653 _aнефт
852 _aЦб І 18906
856 4 _qpdf
_u
856 4 _qpdf
_u
942 _cKNG
_n0
944 _aCR
_c11.02.2015
_l11.02.2015 - от С1,Р / 11.02.2015
_kКина_Георгиева
944 _aED
_c11.02.2015
_l11.02.2015 - от С1,Р / 11.02.2015
_k
999 _c163620
_d163620